[Event "Aktivschachturnier"]
[Site "?"]
[Date "2007.02.23"]
[Round "?"]
[White "Krypton Challenge"]
[Black "Fidelity Par Excellence"]
[Result "1/2-1/2"]
[WhiteElo "1800"]
[BlackElo "1781"]
[Annotator "Joachim Brückner"]
[PlyCount "52"]
[EventDate "2007.??.??"]

1. d4 d5 2. Nf3 Nf6 3. Bf4 c5 4. Bxb8 Rxb8 5. dxc5 Qa5+ 6. c3 Qxc5 7. e3 Qb6 8.
b3 Bf5 9. Be2 Rc8 10. Bd3 Bxd3 11. Qxd3 e6 12. O-O Bd6 13. c4 dxc4 14. bxc4 O-O
15. Qb3 Qc6 16. Nbd2 Qd7 17. Rab1 b6 18. Rfd1 Rc5 19. Nd4 Rfc8 20. Rbc1 Ng4 21.
h3 Nf6 22. Nb5 R8c6 23. Nd4 Rc7 24. Nb5 R7c6 25. Nd4 Rc7 26. Nb5 R7c6 1/2-1/2

[Event "Aktivschachturnier"]
[Site "?"]
[Date "2007.02.23"]
[Round "?"]
[White "Fidelity Designer 2100"]
[Black "Fidelity Designer 2000"]
[Result "1-0"]
[WhiteElo "1892"]
[BlackElo "1692"]
[Annotator "Joachim Brückner"]
[PlyCount "93"]
[EventDate "2007.??.??"]

1. b3 e5 2. Bb2 d6 3. g3 Nf6 4. Bg2 g6 5. c4 Bg7 6. Nf3 O-O 7. Nc3 c6 8. O-O
Re8 9. e3 Bf5 10. d3 Qd7 11. Ng5 Na6 12. e4 Be6 13. Qd2 Nc7 14. Ne2 a5 15. f4
Ng4 16. d4 exf4 17. Nxf4 f6 18. Ngxe6 Nxe6 19. Nxe6 Qxe6 20. Qf4 Bh6 21. Qf3
Ne3 22. Bc1 Nxf1 23. Bxh6 Nxh2 24. Kxh2 f5 25. exf5 gxf5 26. Bf4 Qf6 27. Qd3
Kh8 28. Rf1 Qg6 29. Kg1 a4 30. bxa4 Rxa4 31. Qb3 Ra7 32. a3 Qf6 33. Qd3 Rea8
34. Bc1 Ra5 35. g4 f4 36. Rxf4 Qg7 37. Qb3 Re8 38. Bd2 Rg5 39. d5 cxd5 40. Bc3
d4 41. Bxd4 Rge5 42. Qxb7 Qxb7 43. Bxb7 Kg7 44. Bd5 Kh6 45. Bxe5 dxe5 46. Re4
Kg5 47. c5 1-0

[Event "Aktivschachturnier"]
[Site "?"]
[Date "2007.02.23"]
[Round "?"]
[White "Fidelity Excel 68000"]
[Black "Kishon Chesster"]
[Result "1-0"]
[WhiteElo "1849"]
[BlackElo "1765"]
[Annotator "Joachim Brückner"]
[PlyCount "113"]
[EventDate "2007.??.??"]

1. f4 d5 2. Nf3 Bg4 3. d4 Nd7 4. Nbd2 e6 5. e3 Nh6 6. Bd3 Nf5 7. Qe2 c6 8. O-O
Nf6 9. Qf2 Nd6 10. c4 Bf5 11. Qe2 Bxd3 12. Qxd3 dxc4 13. Nxc4 Nxc4 14. Qxc4 Qd5
15. Qxd5 exd5 16. Bd2 Bd6 17. Rac1 O-O 18. Ba5 Rfe8 19. Ne5 Be7 20. a4 Ne4 21.
Nd3 b6 22. Bb4 Bxb4 23. Nxb4 Nd2 24. Rfe1 Nc4 25. b3 Nxe3 26. Nxc6 Re4 27. Rc3
Nf5 28. Rxe4 dxe4 29. g4 Nd6 30. Kf2 f6 31. b4 a5 32. bxa5 bxa5 33. Rc5 Re8 34.
Rxa5 e3+ 35. Ke2 h6 36. Ra7 Nc8 37. Rc7 Nb6 38. Ne7+ Kf8 39. Ng6+ Kg8 40. a5
Nd5 41. Rc5 Nb4 42. Rc8 Rxc8 43. Ne7+ Kf7 44. Nxc8 Nc2 45. a6 Nxd4+ 46. Kxe3
Nb5 47. a7 Nc7 48. Nb6 Ke6 49. Ke4 Kd6 50. a8=Q Nxa8 51. Nxa8 g5 52. Nb6 gxf4
53. Kxf4 Kc6 54. Nc4 Kd7 55. Ne3 Ke6 56. Nf5 Kf7 57. Nxh6+ 1-0

[Event "Aktivschachturnier"]
[Site "?"]
[Date "2007.02.23"]
[Round "?"]
[White "Kishon Chesster"]
[Black "Krypton Challenge"]
[Result "0-1"]
[WhiteElo "1765"]
[BlackElo "1800"]
[Annotator "Joachim Brückner"]
[PlyCount "80"]
[EventDate "2007.??.??"]

1. e4 e5 2. d4 exd4 3. c3 Qe7 4. Qxd4 Nc6 5. Qe3 Nf6 6. Bd3 d5 7. Nd2 Ne5 8.
Bc2 dxe4 9. Nxe4 Nfg4 10. Qd4 Nc6 11. Qa4 f5 12. Ne2 fxe4 13. Bxe4 Bd7 14. f3
Nge5 15. f4 Ng4 16. O-O Qh4 17. h3 Bc5+ 18. Kh1 Nf2+ 19. Rxf2 Bxf2 20. Ng1 Bxg1
21. Kxg1 Qe1+ 22. Kh2 b5 23. Qc2 g6 24. a4 Rb8 25. axb5 Rxb5 26. Bxg6+ Ke7 27.
Bxh7 Ra5 28. Rxa5 Nxa5 29. Bd2 Qe6 30. b4 Nc4 31. Bc1 Kd8 32. Bd3 Ne3 33. Qd2
Re8 34. Qf2 Bc6 35. g4 Qd5 36. Bxe3 Rxe3 37. Qh4+ Kc8 38. Ba6+ Kb8 39. Qh8+ Re8
40. Qxe8+ Bxe8 0-1

[Event "Aktivschachturnier"]
[Site "?"]
[Date "2007.02.24"]
[Round "?"]
[White "Fidelity Designer 2000"]
[Black "Fidelity Par Excellence"]
[Result "0-1"]
[WhiteElo "1781"]
[BlackElo "1692"]
[Annotator "Joachim Brückner"]
[PlyCount "52"]
[EventDate "2007.??.??"]

1. e3 e5 2. b3 c5 3. Bb2 Nc6 4. Nf3 e4 5. Ne5 d6 6. Nxc6 bxc6 7. d3 Nf6 8. dxe4
Nxe4 9. Bd3 Qa5+ 10. Nd2 d5 11. Bxe4 dxe4 12. O-O Ba6 13. c4 Rd8 14. Bc1 f5 15.
a3 Bd6 16. Qe2 O-O 17. Ra2 Qc3 18. f3 Be5 19. fxe4 fxe4 20. Nxe4 Rxf1+ 21. Qxf1
Qxb3 22. Nxc5 Qxa2 23. Nxa6 Rf8 24. Qe1 Qxc4 25. Nb4 a5 26. Nxc6 Qxc6 0-1

[Event "Aktivschachturnier"]
[Site "?"]
[Date "2007.02.24"]
[Round "?"]
[White "Fidelity Designer 2100"]
[Black "Fidelity Excel 68000"]
[Result "1-0"]
[WhiteElo "1892"]
[BlackElo "1849"]
[Annotator "Joachim Brückner"]
[PlyCount "111"]
[EventDate "2007.??.??"]

1. d4 Nf6 2. c4 d6 3. Nc3 e5 4. Nf3 Nbd7 5. e4 Be7 6. Be2 O-O 7. O-O Re8 8. Re1
c6 9. Bf1 Bf8 10. Rb1 a5 11. b3 exd4 12. Nxd4 Nc5 13. f3 Nfd7 14. Be3 Ne5 15.
Qd2 Bd7 16. a3 Qb6 17. b4 axb4 18. axb4 Na4 19. Nxa4 Rxa4 20. Ne6 c5 21. bxc5
Qc6 22. Nxf8 Rxf8 23. Rb6 Qc8 24. Rxd6 Be6 25. Qc2 Qa8 26. Rd4 Qa6 27. Rc1 Qa5
28. Rcd1 Ra3 29. Bc1 Ra2 30. Qb3 Nc6 31. Rd6 Qxc5+ 32. Be3 Qa3 33. Qxa3 Rxa3
34. Bc5 Ra2 35. Rxe6 fxe6 36. Bxf8 Kxf8 37. Rd7 Rb2 38. f4 e5 39. fxe5 Nxe5 40.
Rd5 Nf7 41. g3 Ra2 42. c5 h6 43. e5 Ke7 44. Bd3 Ra1+ 45. Kf2 Ra2+ 46. Ke3 Rxh2
47. Bf5 Ke8 48. e6 Nh8 49. Rd7 Rh5 50. g4 Rh3+ 51. Kd4 g6 52. Be4 Rg3 53. Rxb7
Rxg4 54. Ke3 Rxe4+ 55. Kxe4 g5 56. c6 1-0

[Event "Aktivschachturnier"]
[Site "?"]
[Date "2007.02.24"]
[Round "?"]
[White "Fidelity Excel 68000"]
[Black "Fidelity Designer 2000"]
[Result "1-0"]
[WhiteElo "1849"]
[BlackElo "1692"]
[Annotator "Joachim Brückner"]
[PlyCount "87"]
[EventDate "2007.??.??"]

1. d4 f5 2. c4 Nf6 3. g3 d6 4. Bg2 c6 5. Nf3 Qc7 6. Nc3 e5 7. O-O e4 8. Ne1 Be7
9. f3 exf3 10. exf3 O-O 11. Nd3 Be6 12. b3 Na6 13. Qe2 Bf7 14. Bf4 Nh5 15. Be3
Bf6 16. f4 Rfe8 17. Qd2 Qb6 18. c5 dxc5 19. dxc5 Qc7 20. Rac1 b5 21. cxb6 axb6
22. Nd5 Bxd5 23. Bxd5+ cxd5 24. Rxc7 Nxc7 25. Bxb6 Ne6 26. Ne5 Bd8 27. Bxd8
Raxd8 28. a4 Nf6 29. b4 d4 30. a5 Rd6 31. Ra1 Ne4 32. Qd3 Rb8 33. a6 Ra8 34. a7
Nc7 35. Nc4 Ra6 36. Qxd4 Ne6 37. Qe5 Rxa1+ 38. Qxa1 Nc7 39. Qa5 Rc8 40. Qb6 Nc3
41. Qb8 Rf8 42. Qxc7 Nb5 43. Qb8 Nxa7 44. Qxa7 1-0

[Event "Aktivschachturnier"]
[Site "?"]
[Date "2007.02.24"]
[Round "?"]
[White "Krypton Challenge"]
[Black "Fidelity Designer 2100"]
[Result "0-1"]
[WhiteElo "1800"]
[BlackElo "1892"]
[Annotator "Joachim Brückner"]
[PlyCount "82"]
[EventDate "2007.??.??"]

1. d4 b6 2. Bg5 f6 3. Bh4 d5 4. e3 Nc6 5. Bd3 Nh6 6. Nf3 g5 7. Bg3 Nf5 8. Nbd2
g4 9. Ng1 e5 10. Qxg4 Nxg3 11. Qxg3 exd4 12. Bb5 Bd7 13. Bxc6 Bxc6 14. exd4
Qe7+ 15. Kd1 O-O-O 16. Ne2 Bg7 17. Re1 Rde8 18. Nf3 f5 19. Nf4 Qd7 20. Ne5 Bxe5
21. dxe5 Rhg8 22. Qd3 d4 23. e6 Qd6 24. g3 Qb4 25. Qb3 Qa5 26. a3 Rg7 27. Rb1
Rge7 28. Rc1 Be4 29. f3 Bb7 30. Qd3 Kb8 31. g4 $2 fxg4 32. fxg4 Rf8 33. Qg3 Qg5
34. Rf1 Rxe6 35. h4 Qe5 36. Rb1 Ref6 37. Qb3 Rxf4 38. Rxf4 Rxf4 39. Qd3 Be4 40.
Qh3 Bf3+ 41. Qxf3 Rxf3 0-1

[Event "Aktivschachturnier"]
[Site "?"]
[Date "2007.02.24"]
[Round "?"]
[White "Fidelity Par Excellence"]
[Black "Kishon Chesster"]
[Result "1-0"]
[WhiteElo "1781"]
[BlackElo "1765"]
[Annotator "Joachim Brückner"]
[PlyCount "51"]
[EventDate "2007.??.??"]

1. e4 c5 2. Nc3 Nc6 3. f4 e6 4. Nf3 d5 5. Bb5 Nf6 6. e5 Nd7 7. Bxc6 bxc6 8. O-O
Be7 9. d3 O-O 10. Qe1 Rb8 11. b3 d4 12. Ne4 f6 13. Bd2 fxe5 14. fxe5 Ba6 15.
Qg3 Qc7 16. a4 Rf5 17. Bf4 Rbf8 18. Nfg5 Bxg5 19. Nxg5 Re8 20. Qh3 Rxg5 21.
Bxg5 Nxe5 22. Bf4 Kh8 23. Qh5 Rf8 24. Bxe5 Qe7 25. Qg5 Rf6 26. Rxf6 1-0

[Event "Aktivschachturnier"]
[Site "?"]
[Date "2007.02.24"]
[Round "?"]
[White "Fidelity Designer 2100"]
[Black "Fidelity Par Excellence"]
[Result "0-1"]
[WhiteElo "1892"]
[BlackElo "1781"]
[Annotator "Joachim Brückner"]
[PlyCount "132"]
[EventDate "2007.??.??"]

1. Nc3 d5 2. e4 Nf6 3. e5 Nfd7 4. d4 e6 5. Nf3 c5 6. dxc5 Bxc5 7. Bb5 O-O 8.
O-O Qc7 9. Na4 Be7 10. Bf4 Nc6 11. Qe2 b6 12. Bd3 Bb7 13. c3 Rfe8 14. Rfd1 a5
15. Qc2 h6 16. Re1 Ba6 17. Bxa6 Rxa6 18. Qd3 Raa8 19. a3 Rf8 20. b4 g5 21. Bd2
Ncxe5 22. Nxe5 Nxe5 23. Qg3 Bd6 24. Qh3 Kg7 25. Nb2 Nc4 26. Nxc4 Qxc4 27. Qf3
a4 28. Qh5 Qh4 29. Qxh4 gxh4 30. Be3 Rab8 31. f4 Kg6 32. g4 hxg3 33. hxg3 f6
34. Bf2 Rfe8 35. Rad1 b5 36. Rd3 Kf5 37. Kg2 Rbc8 38. Rh1 Rh8 39. Kf3 h5 40.
Rxh5+ Rxh5 41. g4+ Kg6 42. gxh5+ Kxh5 43. Bg3 Rc6 44. Re3 Bc7 45. Rd3 Kg6 46.
Be1 Bd6 47. Kg4 Rc4 48. Rd4 Rc7 49. Rd3 Rc6 50. Bf2 Rc4 51. Be3 Bxf4 52. Bxf4
e5 53. Rxd5 Rxf4+ 54. Kg3 Re4 55. Rc5 Re3+ 56. Kf2 Rd3 57. Ke2 e4 58. Kf2 f5
59. Ke1 Kf6 60. Kf2 f4 61. Rc6+ Ke5 62. Ke1 f3 63. Rc8 Kf4 64. Kf2 e3+ 65. Kg1
Rd1+ 66. Kh2 e2 0-1

[Event "Aktivschachturnier"]
[Site "?"]
[Date "2007.02.24"]
[Round "?"]
[White "Fidelity Excel 68000"]
[Black "Krypton Challenge"]
[Result "1/2-1/2"]
[WhiteElo "1849"]
[BlackElo "1800"]
[Annotator "Joachim Brückner"]
[PlyCount "126"]
[EventDate "2007.??.??"]

1. g3 Nf6 2. d4 e6 3. Nf3 d5 4. Bg2 Be7 5. O-O O-O 6. Bf4 c5 7. Nc3 cxd4 8. Nb5
Nc6 9. Nbxd4 Qb6 10. Nxc6 bxc6 11. Qd4 c5 12. Qe5 Nd7 13. Qc3 Ba6 14. Be5 f6
15. Bf4 Bxe2 16. Rfe1 Bxf3 17. Bxf3 Rfe8 18. Qb3 Qxb3 19. axb3 Kf7 20. c4 Nb6
21. Bc7 Bd8 22. Bxb6 Bxb6 23. cxd5 Rad8 24. dxe6+ Rxe6 25. Red1 Rxd1+ 26. Rxd1
Ke7 27. Kf1 Re5 28. Bc6 f5 29. f4 Re3 30. Bd5 a5 31. Rd2 Kf8 32. Kf2 Re7 33.
Bc4 g6 34. Rd6 Rb7 35. Re6 Rb8 36. Rf6+ Kg7 37. Rd6 h5 38. Kf3 Bd8 39. Rc6 Bb6
40. h3 Rb7 41. Re6 Bd8 42. Re5 Be7 43. Bd5 Rc7 44. h4 Bf6 45. Re2 Rd7 46. Bc4
Rd1 47. Rc2 Rb1 48. Bd5 Bd4 49. Ke2 Rg1 50. Kf3 Rf1+ 51. Kg2 Rb1 52. Kf3 Rxb2
53. Rxb2 Bxb2 54. Ke3 Bd4+ 55. Ke2 Kf6 56. Bg8 Ke7 57. Bd5 Bc3 58. Kd1 Kf6 59.
Ke2 Bd4 60. Bg8 Ke7 61. Bd5 Bc3 62. Kd1 Kf6 63. Ke2 Bd4 1/2-1/2

[Event "Aktivschachturnier"]
[Site "?"]
[Date "2007.02.25"]
[Round "?"]
[White "Fidelity Designer 2000"]
[Black "Kishon Chesster"]
[Result "0-1"]
[WhiteElo "1692"]
[BlackElo "1765"]
[Annotator "Joachim Brückner"]
[PlyCount "140"]
[EventDate "2007.??.??"]

1. c4 Nf6 2. Nc3 e6 3. Nf3 Bb4 4. Qc2 O-O 5. a3 Bxc3 6. Qxc3 b6 7. g3 Bb7 8.
Bg2 d5 9. cxd5 Nxd5 10. Qc2 c5 11. O-O Nc6 12. d3 Rc8 13. e3 Qf6 14. Bd2 Ba6
15. Qb3 Rfd8 16. Rfd1 Nde7 17. Bc3 e5 18. Qc2 Rd6 19. b3 Nd4 20. Bxd4 cxd4 21.
Qe2 e4 22. Nxd4 Bxd3 23. Qg4 Qe5 24. Rac1 Rc5 25. Rxc5 bxc5 26. Ne2 f5 27. Qf4
Qf6 28. Rxd3 exd3 29. Nc3 d2 30. Nd1 Qe6 31. Bf3 Ng6 32. Qa4 Ne5 33. Be2 a6 34.
Kf1 Nd3 35. Kg2 Qe4+ 36. Qxe4 fxe4 37. Nc3 Ne1+ 38. Kf1 Nc2 39. Bd1 Nxa3 40.
Ke2 Rd7 41. h4 Kf7 42. Nxe4 c4 43. f4 c3 44. Nxc3 g6 45. e4 Rd4 46. e5 a5 47.
Ke3 Rd8 48. g4 Ke7 49. f5 Rd7 50. h5 gxf5 51. gxf5 Rd8 52. Ne4 Nb1 53. Nd6 Nc3
54. f6+ Kf8 55. Kxd2 Ne4+ 56. Ke3 Nxd6 57. Bg4 Ne8 58. Bf5 h6 59. Ke4 Rb8 60.
Be6 Rb4+ 61. Kd3 Rh4 62. f7 Nc7 63. Bc4 Rxh5 64. Kd4 Rh4+ 65. Kd3 Ke7 66. Ke3
a4 67. Kd3 a3 68. Kc2 Rxc4+ 69. bxc4 Kxf7 70. Kb3 h5 0-1

[Event "Aktivschachturnier"]
[Site "?"]
[Date "2007.02.25"]
[Round "?"]
[White "Krypton Challenge"]
[Black "Fidelity Designer 2000"]
[Result "1/2-1/2"]
[WhiteElo "1800"]
[BlackElo "1692"]
[Annotator "Joachim Brückner"]
[PlyCount "131"]
[EventDate "2007.??.??"]

1. d4 Nf6 2. Nf3 d5 3. c4 c6 4. Qb3 Qb6 5. Qxb6 axb6 6. cxd5 cxd5 7. Nc3 Bf5 8.
Bg5 e6 9. e3 Nc6 10. Bb5 Bd6 11. Bxf6 gxf6 12. Na4 Bb4+ 13. Ke2 Ba5 14. Rac1
Rc8 15. Rhg1 Ke7 16. h3 Na7 17. Bd3 Bxd3+ 18. Kxd3 Rc6 19. Nc3 Rhc8 20. Ne2 Bb4
21. a3 Bd6 22. g4 e5 23. Nh4 Ke8 24. Nc3 Rc4 25. Nf5 Bf8 26. f4 Nb5 27. dxe5
Nxc3 28. Rxc3 fxe5 29. fxe5 Rxc3+ 30. bxc3 Bxa3 31. Ra1 Bc5 32. Ra7 Rb8 33. e4
dxe4+ 34. Kxe4 Kd7 35. Kd5 Bf2 36. Nd6 Ke7 37. Nxb7 b5 38. Nc5+ Ke8 39. Ra6 Be3
40. Ne4 Ke7 41. Nf6 h6 42. Ke4 Bg5 43. Nd5+ Kf8 44. Ra7 Re8 45. Nc7 Rb8 46. e6
fxe6 47. Nxe6+ Kg8 48. Nxg5 hxg5 49. Kf5 Rc8 50. Kxg5 Rxc3 51. h4 b4 52. h5 Rh3
53. Kg6 Kf8 54. h6 b3 55. h7 b2 56. h8=R+ $4 {(56.Tb7 gewinnt)} Rxh8 57. Rb7
Rh2 58. Kf6 Rf2+ 59. Ke5 Rg2 60. Kf6 Ke8 61. g5 Kd8 62. g6 Kc8 63. Rb4 Rf2+ 64.
Ke5 Rg2 65. g7 Rxg7 66. Rxb2 1/2-1/2

[Event "Aktivschachturnier"]
[Site "?"]
[Date "2007.02.25"]
[Round "?"]
[White "Fidelity Par Excellence"]
[Black "Fidelity Excel 68000"]
[Result "0-1"]
[WhiteElo "1781"]
[BlackElo "1849"]
[Annotator "Joachim Brückner"]
[PlyCount "126"]
[EventDate "2007.??.??"]

1. e4 e5 2. Nf3 Nc6 3. Bc4 Bc5 4. d3 Nf6 5. Nc3 d6 6. Be3 Bxe3 7. fxe3 Na5 8.
Bb3 Nxb3 9. axb3 O-O 10. O-O Bg4 11. Qd2 Qd7 12. Nh4 b5 13. Nf5 b4 14. Ne2 d5
15. Nh6+ gxh6 16. Rxf6 dxe4 17. Rxh6 exd3 18. cxd3 Rfd8 19. Nc1 a5 20. Qc2 Be6
21. Qc5 Qd6 22. Rxa5 Rxa5 23. Qxa5 Qc6 24. Ne2 Rd5 25. Qxb4 Rxd3 26. Kf2 Qd5
27. Rh5 Qd8 28. Qe4 Qf6+ 29. Ke1 Rxb3 30. Qxh7+ Kf8 31. Qe4 Ke7 32. Qc2 Kd7 33.
e4 Kc8 34. h4 Rb6 35. Rh7 Ra6 36. Qc3 Ra1+ 37. Kd2 Qd8+ 38. Ke3 Qg8 39. Rh6 Qg7
40. Rh5 f6 41. Qc6 Bd7 42. Qc2 Bg4 43. Rf5 Qh6+ 44. Kd3 Bxf5 45. exf5 Qxh4 46.
Qb3 Ra4 47. Qg8+ Kb7 48. Qd5+ Kb6 49. g3 Qb4 50. Nc3 Ra5 51. Qe6+ Qd6+ 52.
Qxd6+ cxd6 53. Ne4 d5 54. Nxf6 Kc5 55. Kc3 d4+ 56. Kd3 Ra6 57. Ne4+ Kd5 58. b3
Rc6 59. f6 Rb6 60. b4 Rxb4 61. f7 Rb3+ 62. Kd2 Rf3 63. Ng5 Rf6 0-1

[Event "Aktivschachturnier"]
[Site "?"]
[Date "2007.02.27"]
[Round "?"]
[White "Kishon Chesster"]
[Black "Fidelity Designer 2100"]
[Result "0-1"]
[WhiteElo "1765"]
[BlackElo "1892"]
[Annotator "Joachim Brückner"]
[PlyCount "112"]
[EventDate "2007.??.??"]

1. e4 e5 2. Nf3 Nf6 3. d4 exd4 4. e5 Ne4 5. Qe2 Nc5 6. Nxd4 Nc6 7. Be3 Nxd4 8.
Bxd4 Ne6 9. Bc3 d5 10. exd6 Qxd6 11. Nd2 Bd7 12. O-O-O O-O-O 13. Qe3 Qc5 14.
Bc4 Qxe3 15. fxe3 f6 16. Ne4 Be7 17. Rhf1 h6 18. Kb1 Ng5 19. Nxg5 hxg5 20. h3
Bc6 21. Rxd8+ Rxd8 22. g3 Bd6 23. Rg1 Bxg3 24. Be6+ Kb8 25. Bd4 Bh2 26. Rd1 b6
27. Kc1 Bd6 28. c4 Rh8 29. Rd2 Be4 30. a3 Bg3 31. Bc3 Be1 32. Rd4 Bxc3 33. Rxe4
Be5 34. b4 g6 35. c5 c6 36. Kd2 b5 37. Bf7 Rxh3 38. Bxg6 Rh2+ 39. Ke1 Ra2 40.
Rg4 Rxa3 41. Ke2 a5 42. Be8 Kc7 43. bxa5 Rxa5 44. Re4 Ra3 45. Kd2 b4 46. Bg6 b3
47. Rb4 b2 48. Rc4 Rb3 49. Bb1 Kb7 50. Re4 Ka6 51. Kc2 Rb7 52. Ba2 Kb5 53. Rxe5
fxe5 54. Kxb2 g4 55. Be6 Rg7 56. Kc3 g3 0-1

[Event "Aktivschachturnier"]
[Site "?"]
[Date "2007.02.27"]
[Round "?"]
[White "Fidelity Par Excellence"]
[Black "Krypton Challenge"]
[Result "1-0"]
[WhiteElo "1781"]
[BlackElo "1800"]
[Annotator "Joachim Brückner"]
[PlyCount "121"]
[EventDate "2007.??.??"]

1. e4 e5 2. Nf3 d6 3. d4 exd4 4. Qxd4 Bd7 5. Bf4 Nc6 6. Qd2 Nf6 7. Nc3 Be7 8.
O-O-O O-O 9. e5 dxe5 10. Nxe5 Nxe5 11. Bxe5 Bg4 12. f3 Be6 13. Qxd8 Bxd8 14.
Be2 Nd7 15. Bf4 c6 16. Kb1 Ba5 17. Ne4 Bd5 18. Nd6 b6 19. Bd3 Nf6 20. c4 Be6
21. g4 Bb4 22. Bf5 Bxd6 23. Rxd6 Bxc4 24. Rxc6 Be2 25. Rg1 Bxf3 26. Rc3 Be2 27.
Be5 Nd5 28. Rc2 Bb5 29. Re1 Rfe8 30. Rcc1 f6 31. Bd4 Rad8 32. Rxe8+ Rxe8 33. b3
g6 34. Bc2 Kf7 35. b4 Re2 36. Bb3 Ke6 37. Rc7 Rxh2 38. Rxa7 Rh1+ 39. Kb2 h5 40.
a4 Bc6 41. b5 Be8 42. gxh5 Rxh5 43. Rb7 Rh2+ 44. Ka3 Rd2 45. Bxd5+ Kxd5 46.
Bxf6 Re2 47. Rxb6 Re3+ 48. Kb4 Re4+ 49. Ka5 Kc4 50. Ka6 Kb4 51. a5 g5 52. Bg7
g4 53. Rb8 Re6+ 54. b6 Bb5+ 55. Ka7 Re7+ 56. Rb7 Rxb7+ 57. Kxb7 Kxa5 58. Bc3+
Ka4 59. Kc7 g3 $4 {(59..La6 haelt Remis)} 60. b7 g2 61. Bd4 1-0

[Event "Aktivschachturnier"]
[Site "?"]
[Date "2007.02.27"]
[Round "?"]
[White "Kishon Chesster"]
[Black "Fidelity Excel 68000"]
[Result "1/2-1/2"]
[WhiteElo "1765"]
[BlackElo "1849"]
[Annotator "Joachim Brückner"]
[PlyCount "101"]
[EventDate "2007.??.??"]

1. d4 Nf6 2. Bg5 Ne4 3. Bh4 d5 4. f3 Nf6 5. Nc3 Nc6 6. e4 dxe4 7. d5 Nb4 8.
fxe4 e5 9. Nf3 Bg4 10. a3 Bxf3 11. gxf3 Na6 12. Bb5+ Ke7 13. f4 Qd6 14. fxe5
Qxe5 15. Bg3 Qh5 16. Bxa6 bxa6 17. Qxh5 Nxh5 18. Bxc7 Kd7 19. Be5 Bc5 20. O-O-O
Be3+ 21. Kb1 f6 22. Bd4 Bxd4 23. Rxd4 Rab8 24. Ne2 Rb6 25. c4 Rhb8 26. b4 Rc8
27. Rc1 a5 28. c5 Rbb8 29. c6+ Kd6 30. Ng3 Nxg3 31. hxg3 axb4 32. Rxb4 f5 33.
exf5 Rxb4+ 34. axb4 Kxd5 35. b5 h5 36. Ka2 Ke5 37. Rc5+ Kd4 38. Rc2 Ke5 39. Rh2
a6 40. b6 Kd6 41. c7 Kc6 42. Rb2 Kb7 43. Rb4 Rf8 44. g4 hxg4 45. Rd4 Rc8 46.
Rd6 g3 47. Rg6 g2 48. Rxg2 Kxb6 49. Rxg7 Rxc7 50. Rxc7 Kxc7 51. Kb3 1/2-1/2

[Event "Aktivschachturnier"]
[Site "?"]
[Date "2007.02.28"]
[Round "?"]
[White "Fidelity Designer 2000"]
[Black "Fidelity Designer 2100"]
[Result "0-1"]
[WhiteElo "1692"]
[BlackElo "1892"]
[Annotator "Joachim Brückner"]
[PlyCount "100"]
[EventDate "2007.??.??"]

1. f4 d5 2. Nf3 Bg4 3. d4 Nd7 4. Nbd2 e6 5. e3 Nh6 6. Bd3 Nf5 7. Qe2 c6 8. O-O
Nf6 9. Qf2 Nd6 10. c4 Bf5 11. Qe2 Be7 12. b3 O-O 13. Bb2 Nde4 14. Ng5 Bg4 15.
Ngf3 Bb4 16. Nb1 dxc4 17. bxc4 Ba5 18. Ba3 Re8 19. Qc2 Bf5 20. Ng5 Nxg5 21.
Bxf5 exf5 22. fxg5 Ng4 23. Qxf5 Nxe3 24. Qxf7+ Kh8 25. Qf4 Bc7 26. Qh4 Bxh2+
27. Qxh2 Qxd4 28. Qf4 Qxa1 29. Rc1 Qxa2 30. Qf2 Qxf2+ 31. Kxf2 a5 32. Bd6 b5
33. cxb5 cxb5 34. Rc7 Nc4 35. Be7 a4 36. Nc3 a3 37. Na2 Kg8 38. g3 Rec8 39.
Rxc8+ Rxc8 40. Bb4 Re8 41. g4 Re5 42. g6 hxg6 43. Nc3 Re6 44. Kf3 Ra6 45. Na2
Ne5+ 46. Kg3 Ra4 47. g5 Nd3 48. Bc3 b4 49. Ba1 b3 50. Nc3 b2 0-1

[Event "Aktivschachturnier"]
[Site "?"]
[Date "2007.02.28"]
[Round "?"]
[White "Krypton Challenge"]
[Black "Kishon Chesster"]
[Result "1-0"]
[WhiteElo "1800"]
[BlackElo "1765"]
[Annotator "Joachim Brückner"]
[PlyCount "199"]
[EventDate "2007.??.??"]

1. Nf3 d5 2. c4 d4 3. e3 Nc6 4. exd4 Nxd4 5. Nxd4 Qxd4 6. Nc3 e5 7. d3 Ne7 8.
Be3 Qd6 9. Nb5 Qb4+ 10. Bd2 Qc5 11. Qf3 Qb6 12. Qe3 Qxe3+ 13. Bxe3 Kd8 14. Nxa7
Bd7 15. Be2 Nf5 16. Nb5 Bb4+ 17. Nc3 Nd4 18. Bd1 Kc8 19. a3 Bf5 20. Kd2 Bd6 21.
g4 Bd7 22. Nd5 f5 23. gxf5 Bxf5 24. f4 Rf8 25. Kc3 Ne6 26. fxe5 Bxe5+ 27. Kc2
Kb8 28. Be2 Nd4+ 29. Bxd4 Bxd4 30. Rhf1 g6 31. Rf4 Be5 32. Rh4 g5 33. Rh5 Bf4
34. Rf1 c6 35. Nxf4 gxf4 36. Kd2 Kc7 37. Rxf4 Bg6 38. Rhh4 Bf5 39. Rh6 Kb6 40.
Bg4 Bg6 41. Rxf8 Rxf8 42. Kc3 Rf2 43. h3 Ka5 44. Bd1 Kb6 45. d4 Kc7 46. Bh5
Rc2+ 47. Kb3 Bd3 48. Bf7 Rg2 49. d5 Bf5 50. dxc6 Rg3+ 51. Kb4 bxc6 52. Kc5 Be4
53. Re6 Rg5+ 54. Kd4 Bg2 55. Re3 Rf5 56. Bg8 Rf4+ 57. Kc3 h6 58. a4 Rf8 59. Rg3
Bxh3 60. Rxh3 Rxg8 61. Rxh6 Kb6 62. Rh5 Rg3+ 63. Kb4 Rg2 64. b3 Ka6 65. Kc5 Rg3
66. b4 Rg6 67. Rh7 Rg5+ 68. Kxc6 Rg6+ 69. Kc5 Rg5+ 70. Kd6 Rg6+ 71. Ke5 Rg4 72.
Kd5 Rg5+ 73. Kd4 Rg4+ 74. Kd3 Rg3+ 75. Kc2 Rg2+ 76. Kc3 Rg3+ 77. Kb2 Rg2+ 78.
Kc1 Rg4 79. Rc7 Kb6 80. Rc5 Rg6 81. a5+ Ka6 82. Kd2 Rg2+ 83. Ke3 Rg3+ 84. Kf4
Rg6 85. Rg5 Re6 86. Kf5 Rh6 87. Rg6+ Rxg6 88. Kxg6 Ka7 89. b5 Kb7 90. c5 Kb8
91. a6 Ka7 92. Kf5 Ka8 93. c6 Kb8 94. Ke6 Ka7 95. c7 Kb6 96. c8=Q Kxb5 97. a7
Kb6 98. a8=Q Kb5 99. Kd5 Kb4 100. Qc4# 1-0

[Event "Aktivschachturnier"]
[Site "?"]
[Date "2007.02.28"]
[Round "?"]
[White "Fidelity Excel 68000"]
[Black "Fidelity Designer 2100"]
[Result "1/2-1/2"]
[WhiteElo "1849"]
[BlackElo "1892"]
[Annotator "Joachim Brückner"]
[PlyCount "107"]
[EventDate "2007.??.??"]

1. b3 e5 2. Bb2 Nc6 3. e3 d5 4. Bb5 Bd6 5. Nf3 f6 6. c4 a6 7. cxd5 axb5 8. dxc6
bxc6 9. Qc2 Ne7 10. Nc3 f5 11. Ne2 e4 12. Ng5 O-O 13. Nd4 Qe8 14. b4 Nd5 15. a3
h6 16. Nh3 Bd7 17. O-O Qg6 18. Rfc1 Be5 19. Qb3 Kh7 20. Rab1 f4 21. Nxf4 Nxf4
22. exf4 Bxf4 23. Qc2 Be5 24. Re1 Rxf2 25. Qxe4 Bxd4 26. Qxg6+ Kxg6 27. Bxd4
Rxd2 28. Bc3 Rd3 29. Bb2 Re8 30. Rxe8 Bxe8 31. Rc1 Bd7 32. Kf1 Re3 33. Kf2 Rb3
34. Rc2 Kf7 35. h4 Bf5 36. Re2 Kg6 37. Rd2 h5 38. Kf1 Re3 39. Kf2 Re4 40. Rc2
Rf4+ 41. Ke3 Bxc2 42. Kxf4 Bb3 43. Be5 Bd5 44. g4 hxg4 45. Kxg4 Be6+ 46. Kf4
Kh5 47. Kg3 g6 48. Bxc7 g5 49. Bd8 g4 50. Bc7 Kg6 51. Bf4 Kh5 52. Bc7 Kg6 53.
Bd6 Kh5 54. Bc7 1/2-1/2

[Event "Aktivschachturnier"]
[Site "?"]
[Date "2007.03.01"]
[Round "?"]
[White "Fidelity Par Excellence"]
[Black "Fidelity Designer 2000"]
[Result "1/2-1/2"]
[WhiteElo "1781"]
[BlackElo "1692"]
[Annotator "Joachim Brückner"]
[PlyCount "109"]
[EventDate "2007.??.??"]

1. e4 e5 2. Nf3 Nc6 3. Bc4 Nf6 4. d3 Be7 5. Nc3 O-O 6. h3 a6 7. a4 Bc5 8. Nd5
h6 9. O-O d6 10. Nxf6+ Qxf6 11. Bd2 Bd7 12. Qe2 Qg6 13. Nh4 Qf6 14. Nf3 Qg6 15.
Nh4 Qg3 16. Nf5 Qg6 17. Qg4 Qxg4 18. hxg4 Be6 19. Bd5 Bxd5 20. exd5 Nd4 21.
Nxd4 Bxd4 22. c3 Ba7 23. b4 Kh7 24. Kh2 Kg6 25. Kg3 Rfc8 26. Rh1 Rf8 27. f3 Rh8
28. Rac1 c6 29. dxc6 bxc6 30. d4 exd4 31. cxd4 Rac8 32. Be3 f6 33. Rhe1 Rhe8
34. Bf2 Rxe1 35. Rxe1 Rc7 36. f4 Rb7 37. Rc1 Rxb4 38. Rxc6 Bxd4 39. Bxd4 Rxd4
40. Rxa6 d5 41. Ra7 Rd3+ 42. Kh4 Ra3 43. f5+ Kh7 44. a5 d4 45. a6 d3 46. Rd7
Rxa6 47. Rxd3 Ra2 48. Kh3 Ra7 49. Rd8 g5 50. Kg3 Kg7 51. Kf2 Ra2+ 52. Kf3 Ra3+
53. Kf2 Ra2+ 54. Kf3 Ra3+ 55. Kf2 1/2-1/2